Bratské školy v Lednici a Púchove

Bibliographic Details
Main Author: Faltin, Michal, 1907-1981 (Author)
Format: Book
Language:Slovak
PhysicalDescription:S. 47-51 4°
Published: [s.l.] [s.n.] [po r. 1971]
Subjects:

MARC

LEADER 00000cam a2200000 a 4500
001 vtls001359645
003 SK-MaSNL
005 20260301115025.0
008 250312s1971 xo fr2 00000 slo
035 |a SNK000313184 
035 |a urn:nbn:sk:snk-amjuej 
035 |a urn:nbn:sk:snk-am007y4r 
035 |a 4B1BDBEB-1637-4118-A0B3-DF2176763276 
040 |a SNK  |b slo  |c SNK  |e AACR2 
041 0 |a slo 
043 |a e-xo---  |a e-xr--- 
044 |a xo  |c SK 
100 1 |a Faltin, Michal,  |d 1907-1981  |4 aut  |9 169651 
245 1 0 |a Bratské školy v Lednici a Púchove  |c Michal Faltin 
260 |a [s.l.]  |b [s.n.]  |c [po r. 1971] 
300 |a S. 47-51  |c 4° 
500 |a Separátny výtlačok 
610 2 7 |a Jednota bratrská  |2 SNKKA  |9 34189 
648 7 |a 17. stor.  |2 SNKPH  |9 288141 
650 0 7 |a cirkevné školstvo  |2 SNKPH  |9 68147 
651 7 |a Lednice (Břeclav, Česko)  |2 SNKPHgeo  |9 229607 
651 7 |a Púchov (Slovensko)  |2 SNKPHgeo  |9 29506 
655 7 |a štúdie  |2 SNKPH  |9 57033 
655 7 |a separáty  |2 SNKPH  |9 70334 
852 |a Slovenská národná knižnica 
958 |a OND 
999 |c 720673  |d 722603 
952 |a SNK  |b SNK  |y PREZ  |7 0  |p 17A0188468  |o snkSB 28595  |i snkF 5491/79  |8 5  |0 0  |1 0  |4 0  |d 1999-04-08  |f 1  |l 0  |r 2005-01-02 00:00:00  |w 2026-02-23